[Event "Cali Primer Valle"]
[Site "Cali"]
[Date "2012.02.11"]
[Round "4.1"]
[White "Valencia, Mauricio"]
[Black "Orozco, Luz Elena"]
[Result "0-1"]
[WhiteElo "1600"]
[BlackElo "2137"]
[PlyCount "26"]
[EventDate "2012.02.10"]
[EventType "swiss"]
[EventRounds "7"]
[EventCountry "COL"]
[SourceTitle "EXT 2024"]
[Source "ChessBase"]
[SourceDate "2023.10.10"]
[SourceVersion "1"]
[SourceVersionDate "2023.10.10"]
[SourceQuality "1"]

1. e4 c5 2. Nf3 Nc6 3. d4 cxd4 4. Nxd4 Qb6 5. Be3 Qxb2 6. Nb3 Qf6 7. Qd2 e6 8. Nc3 Bb4 9. Nd4 Nxd4 10. Bxd4 e5 11. Be3 Qc6 12. Bd4 exd4 13. Qxd4 Bxc3+ 0-1

[Event "Cali Primer Valle"]
[Site "Cali"]
[Date "2012.02.10"]
[Round "2.1"]
[White "Valencia, Mauricio"]
[Black "Moreno, Nestor"]
[Result "0-1"]
[WhiteElo "1600"]
[BlackElo "1663"]
[PlyCount "68"]
[EventDate "2012.02.10"]
[EventType "swiss"]
[EventRounds "7"]
[EventCountry "COL"]
[SourceTitle "EXT 2024"]
[Source "ChessBase"]
[SourceDate "2023.10.10"]
[SourceVersion "1"]
[SourceVersionDate "2023.10.10"]
[SourceQuality "1"]

1. e4 c5 2. Nf3 d6 3. d4 cxd4 4. Nxd4 Nf6 5. Nc3 a6 6. Be2 e5 7. Nb3 Be7 8. 0-0 0-0 9. Bg5 Be6 10. f4 exf4 11. Bxf4 Nc6 12. h3 Ne5 13. Bxe5 dxe5 14. Nd2 Qc7 15. a3 b5 16. Nf3 Rfd8 17. Qe1 Nh5 18. b4 Nf4 19. Kh2 Rac8 20. Rd1 Qxc3 21. Rxd8+ Bxd8 22. Qxc3 Rxc3 23. Rd1 Be7 24. Bd3 Nxd3 25. cxd3 f6 26. d4 exd4 27. Nxd4 Kf7 28. Nf5 Bxf5 29. exf5 Rxa3 30. Rd7 Ra4 31. Ra7 g6 32. g4 gxf5 33. gxf5 Rxb4 34. Rxa6 Rf4 0-1